Central Library OPAC University of Rajshahi

ধৃতরাষ্ট্র : (Record no. 56152)

MARC details
000 -LEADER
fixed length control field 00943nam a2200229 a 4500
001 - CONTROL NUMBER
control field 56152
003 - CONTROL NUMBER IDENTIFIER
rucl marc code BD-RjUL
005 - DATE AND TIME OF LATEST TRANSACTION
control field 20211209080347.0
008 - FIXED-LENGTH DATA ELEMENTS--GENERAL INFORMATION
fixed length control field 161127s19581957ii ||||| |||| 00| 0 ben d
035 ## - SYSTEM CONTROL NUMBER
System control number (BD-RjUL)56276
040 ## - CATALOGING SOURCE
Original cataloging agency BD-RjUL
Language of cataloging ben
Transcribing agency BD-RjUL
041 ## - LANGUAGE CODE
Language code of text/sound track or separate title ben
082 ## - DEWEY DECIMAL CLASSIFICATION NUMBER
Edition number 23
Classification number 891.442
Author mark and year BAD 1958
100 ## - MAIN ENTRY--PERSONAL NAME
Personal name বৈরাগী, ধনঞ্জয়
9 (RLIN) 167150
245 10 - TITLE STATEMENT
Title ধৃতরাষ্ট্র :
Remainder of title তিন অঙ্কে সম্পূর্ণ /
Statement of responsibility, etc. ধনঞ্জয় বৈরাগী
260 ## - PUBLICATION, DISTRIBUTION, ETC. (IMPRINT)
Place of publication, distribution, etc. কলিকাতা :
Name of publisher, distributor, etc. আর্ট অ্যান্ড লেটার্স,
Date of publication, distribution, etc. ১৯৫৭ [মুদ্রণ ১৯৫৮]
300 ## - PHYSICAL DESCRIPTION
Pagination ১৩০ পৃ. ;
Size ১৭ সেমি .
650 ## - SUBJECT ADDED ENTRY--TOPICAL TERM
Topical term or geographic name as entry element বাংলা নাটক
9 (RLIN) 167151
Topical term or geographic name as entry element Bengali Drama
9 (RLIN) 167152
700 ## - ADDED ENTRY--PERSONAL NAME
Personal name মিত্র, প্রেমেন্দ্র, ভূমিকা
942 ## - ADDED ENTRY ELEMENTS (KOHA)
Source of classification or shelving scheme Dewey Decimal Classification
Koha item type Books
Holdings
Lost status Source of classification or shelving scheme Damaged status Not for loan Collection code Permanent Location Current Location Shelving location Date acquired Source of acquisition Cost, normal purchase price Total Checkouts Full call number Date last seen Copy number Koha item type
  Dewey Decimal Classification     Non-fiction Central Library, University of Rajshahi Central Library, University of Rajshahi   13/10/1959 Warsi book center 2.14   B 891.442 BAD 1958 27/11/2016 C-2 Books